Juventus, Inter Milan or AC Milan players (2000-) - Statistics

General Stats
  • This quiz has been taken 67 times
  • The average score is 289 of 785
Answer Stats
Ranking Player Positions Nationality Matches Goals (assists) Periods Clubs % Correct
1 Gianluigi Buffon GK 648 0 (0) 2001-2017, 2019-2021
100%
3 Andrea Pirlo DM 531 59 (103) 2000-2015
97%
4 Giorgio Chiellini CB 512 31 (24) 2005-2022
97%
8 Alessandro Del Piero CF 415 172 (96) 2000-2012
93%
21 Alessandro Nesta CB 302 7 (2) 2002-2012
93%
6 Clarence Seedorf CM 455 63 (71) 2000-2012
93%
61 Cristiano Zanetti DM 196 7 (17) 2001-2009
93%
9 Gennaro Gattuso CM 401 10 (16) 2000-2012
93%
2 Javier Zanetti RB 571 5 (19) 2000-2014
93%
5 Leonardo Bonucci CB 500 35 (11) 2005-2006, 2010-2023
93%
22 Pavel Nedved LM 300 62 (76) 2001-2009
93%
14 Zlatan Ibrahimović ST 349 174 (79) 2004-2008, 2010-2011, 2019-2023
93%
36 Andriy Shevchenko ST 260 135 (37) 2000-2005, 2008-2009
90%
438 Daniel Maldini AM 20 1 (0) 2019-2022
90%
19 Filippo Inzaghi ST 304 125 (25) 2000-2012
90%
23 Juan Cuadrado RM 300 24 (57) 2015-2024
90%
27 Kaká AM 289 102 (75) 2003-2008, 2013-2014
90%
303 Khéphren Thuram CM 44 4 (6) 2024-2025
90%
20 Lautaro Martínez ST 303 139 (46) 2018-2025
90%
67 Lilian Thuram CB 189 1 (6) 2001-2006
90%
190 Marcus Thuram ST 89 32 (22) 2023-2025
90%
25 Paolo Maldini LB 296 8 (7) 2000-2009
90%
54 Arturo Vidal CM 219 49 (29) 2011-2014, 2020-2022
87%
133 Cristiano Ronaldo ST 121 95 (25) 2018-2022
87%
24 David Trezeguet ST 298 165 (35) 2000-2010
87%
29 Dida GK 286 0 (1) 2000-2001, 2002-2010
87%
92 Gonzalo Higuaín ST 155 68 (23) 2016-2020
87%
493 Ibrahim Bá RM 14 0 (1) 2000-2003
87%
10 Iván Córdoba CB 388 16 (9) 2000-2012
87%
45 Ivan Perišić LW 237 51 (44) 2015-2018, 2020-2022
87%
18 Marcelo Brozović DM 305 27 (39) 2014-2023
87%
34 Paulo Dybala CF 263 100 (46) 2015-2022
87%
356 Ronaldo ST 35 16 (7) 2001-2002, 2006-2008
87%
7 Samir Handanovič GK 429 0 (0) 2012-2023
87%
121 Dušan Vlahović ST 128 52 (13) 2021-2025
83%
306 Emre Can DM 43 4 (1) 2018-2020
83%
479 Jorge Martínez RW 16 0 (0) 2010-2011
83%
576 Josep Martínez GK 6 0 (0) 2024-2025
83%
31 Júlio César GK 280 0 (0) 2005-2012
83%
610 Júlio César CB 4 0 (0) 2000-2001
83%
180 Ronaldinho LW 94 26 (29) 2008-2011
83%
47 Alessandro Bastoni CB 231 5 (23) 2019-2025
80%
26 Alex Sandro LB 292 15 (29) 2015-2024
80%
68 Álvaro Morata ST 188 56 (37) 2014-2015, 2020-2021, 2024-2025
80%
37 Andrea Barzagli CB 256 2 (4) 2010-2019
80%
98 Cafu RB 152 4 (21) 2003-2008
80%
12 Claudio Marchisio CM 356 36 (40) 2006-2007, 2008-2018
80%
193 Douglas Costa RW 89 7 (19) 2017-2021
80%
111 Edgar Davids CM 137 5 (10) 2000-2005
80%
11 Esteban Cambiasso DM 386 47 (29) 2004-2014
80%
63 Fabio Cannavaro CB 194 10 (3) 2002-2005, 2009-2010
80%
15 Gianluca Zambrotta RB 334 8 (33) 2000-2005, 2008-2012
80%
51 Maicon RB 221 19 (47) 2006-2012
80%
90 Mario Mandžukić ST 159 41 (16) 2015-2018, 2020-2021
80%
89 Miralem Pjanić CM 160 19 (37) 2016-2020
80%
42 Rafael Leão LW 241 65 (58) 2019-2025
80%
76 Rui Costa AM 169 7 (33) 2001-2006
80%
39 Stefan de Vrij CB 254 13 (6) 2018-2025
80%
46 Stephan Lichtsteiner RB 236 13 (26) 2011-2018
80%
552 Alberto Costa RB 9 0 (1) 2024-2025
77%
102 Alexandre Pato ST 145 60 (17) 2007-2013
77%
122 Alexis Sánchez ST 127 21 (26) 2019-2021, 2023-2024
77%
130 Blaise Matuidi CM 121 8 (6) 2017-2020
77%
17 Christian Abbiati GK 312 0 (0) 2000-2005, 2008-2016
77%
74 Christian Vieri ST 170 103 (18) 2000-2006
77%
64 Danilo CB 191 8 (12) 2019-2025
77%
28 Dejan Stanković CM 287 37 (48) 2003-2013
77%
16 Hakan Çalhanoğlu DM 318 60 (76) 2017-2025
77%
108 Hernán Crespo ST 141 54 (16) 2002-2003, 2004-2005, 2006-2009
77%
62 Kwadwo Asamoah LM 195 4 (20) 2012-2020
77%
124 Luís Figo RW 126 10 (27) 2005-2009
77%
13 Massimo Ambrosini CM 355 28 (27) 2000-2013
77%
49 Milan Škriniar CB 228 11 (4) 2017-2023
77%
35 Nicolò Barella CM 260 23 (51) 2019-2025
77%
73 Paul Pogba CM 175 31 (36) 2012-2015, 2022-2024
77%
44 Theo Hernández LB 240 32 (36) 2019-2025
77%
86 Weston McKennie CM 163 17 (14) 2020-2025
77%
41 Wojciech Szczesny GK 245 0 (1) 2017-2024
77%
66 Adrien Rabiot CM 189 22 (15) 2019-2024
73%
773 Antonio Donnarumma GK 1 0 (0) 2017-2018
73%
185 Carlos Tevez ST 91 47 (19) 2013-2015
73%
184 Christian Pulisic RW 91 30 (22) 2023-2025
73%
100 Cristian Chivu CB 146 3 (8) 2007-2013
73%
78 Federico Bernardeschi RW 165 10 (23) 2017-2022
73%
75 Federico Dimarco LB 169 16 (31) 2014-2015, 2019-2020, 2021-2025
73%
138 Francesco Acerbi CB 118 4 (5) 2012-2013, 2022-2025
73%
48 Gianluigi Donnarumma GK 231 0 (0) 2015-2021
73%
43 Marco Materazzi CB 241 20 (5) 2001-2011
73%
32 Mauro Camoranesi RM 272 30 (70) 2002-2010
73%
57 Mauro Icardi ST 207 118 (28) 2013-2019
73%
332 Robert Kovac CB 39 1 (0) 2005-2007
73%
114 Robinho LW 132 29 (27) 2010-2014
73%
82 Rodrigo Bentancur DM 164 2 (18) 2017-2022
73%
134 Romelu Lukaku ST 121 73 (22) 2019-2020, 2022-2023
73%
116 Sami Khedira CM 131 21 (13) 2015-2020
73%
187 Samuel Eto'o ST 90 43 (21) 2009-2011
73%
56 Walter Samuel CB 211 17 (3) 2005-2014
73%
94 Adriano ST 154 62 (24) 2001-2002, 2003-2009
70%
294 Alex CB 46 4 (1) 2014-2016
70%
402 César LM 27 2 (2) 2005-2006, 2007-2008
70%
113 Daniele Rugani CB 133 9 (1) 2015-2019, 2021-2024
70%
85 Denzel Dumfries RB 163 20 (25) 2021-2025
70%
139 Federico Chiesa RW 118 28 (23) 2020-2024
70%
81 Fikayo Tomori CB 164 7 (3) 2020-2025
70%
115 Henrikh Mkhitaryan CM 132 8 (17) 2022-2025
70%
38 Kakhaber Kaladze CB 255 12 (18) 2000-2010
70%
125 Lúcio CB 126 4 (9) 2009-2013
70%
368 Luiz Adriano ST 33 4 (4) 2015-2017
70%
188 Mateo Kovacic CM 90 5 (11) 2012-2015
70%
160 Matthijs de Ligt CB 105 8 (3) 2019-2022
70%
97 Mike Maignan GK 152 0 (3) 2021-2025
70%
126 Olivier Giroud ST 125 46 (20) 2021-2024
70%
84 Antonio Candreva AM, RW 163 16 (32) 2009-2010, 2016-2020
67%
148 Brahim Díaz RW 114 18 (15) 2020-2023
67%
96 Diego Milito ST 153 71 (25) 2009-2014
67%
201 Fabio Grosso LB 84 4 (6) 2006-2007, 2009-2012
67%
177 Fabio Quagliarella ST 95 29 (7) 2010-2014
67%
59 Franck Kessié CM 199 36 (15) 2017-2022
67%
30 Ignazio Abate RB 281 3 (18) 2003-2004, 2009-2019
67%
258 Jaap Stam CB 59 2 (2) 2004-2006
67%
263 João Cancelo RB 58 2 (10) 2017-2019
67%
158 Kevin-Prince Boateng AM 106 15 (15) 2010-2012, 2015-2016
67%
53 Manuel Locatelli DM 219 8 (12) 2015-2017, 2021-2025
67%
70 Matteo Darmian RB 185 12 (11) 2006-2007, 2008-2009, 2020-2025
67%
50 Mattia De Sciglio RB 223 2 (9) 2011-2024
67%
323 Mattia Perin GK 40 0 (0) 2018-2019, 2021-2025
67%
140 Patrick Vieira DM 117 12 (16) 2005-2010
67%
131 Sandro Tonali CM 121 7 (13) 2020-2023
67%
132 Sebastian Giovinco CF 121 14 (21) 2006-2007, 2008-2009, 2012-2015
67%
151 Thiago Silva CB 113 6 (1) 2009-2012
67%
164 Wesley Sneijder AM 101 19 (29) 2009-2013
67%
65 Yuto Nagatomo LB 190 10 (16) 2010-2018
67%
95 Alessandro Costacurta CB 153 1 (3) 2000-2007
63%
354 André Silva ST 35 8 (0) 2017-2018, 2019-2020
63%
199 Bremer CB 84 7 (1) 2022-2025
63%
117 Cristian Zapata CB 131 5 (5) 2012-2019
63%
40 Davide Calabria RB 246 9 (21) 2014-2025
63%
79 Ismaël Bennacer DM 165 8 (10) 2019-2025
63%
208 Keisuke Honda AM 81 9 (11) 2013-2017
63%
223 Kenan Yıldız LW 72 10 (7) 2023-2025
63%
105 Mario Balotelli ST 144 51 (21) 2007-2009, 2012-2013, 2015-2016
63%
195 Mirko Vucinić ST 88 23 (19) 2011-2014
63%
146 Moise Kean ST 115 20 (3) 2016-2017, 2018-2019, 2021-2024
63%
186 Nigel de Jong DM 91 6 (3) 2012-2016
63%
152 Paolo De Ceglie LB 113 2 (7) 2006-2007, 2008-2015
63%
106 Riccardo Montolivo DM 143 8 (11) 2012-2018
63%
91 Rodrigo Palacio ST 156 50 (30) 2012-2017
63%
83 Sulley Muntari CM 163 20 (12) 2008-2015
63%
109 Suso RW 137 23 (30) 2014-2020
63%
161 Alessandro Matri ST 104 30 (8) 2002-2003, 2010-2015
60%
52 Alessio Romagnoli CB 220 8 (2) 2015-2022
60%
58 Andrea Ranocchia CB 200 10 (4) 2010-2022
60%
229 Arkadiusz Milik ST 68 13 (2) 2022-2024
60%
271 Arthur Melo DM 55 1 (0) 2020-2022
60%
363 Diego Godín CB 34 2 (1) 2019-2020
60%
189 Edin Džeko ST 89 29 (13) 2021-2023
60%
156 Felipe Melo DM 108 5 (1) 2009-2010, 2015-2017
60%
209 Filip Kostić LM 80 3 (14) 2022-2024
60%
751 Flavio Roma GK 1 0 (0) 2010-2011
60%
257 Goran Pandev CF 59 6 (12) 2009-2011
60%
104 Marek Jankulovski LB 144 5 (10) 2005-2011
60%
216 Patrice Evra LB 75 3 (6) 2014-2017
60%
162 Philippe Mexès CB 103 7 (1) 2011-2016
60%
347 Piotr Zieliński CM 36 2 (3) 2024-2025
60%
340 Teun Koopmeiners AM 37 3 (3) 2024-2025
60%
242 Aaron Ramsey CM 64 6 (6) 2019-2022
57%
313 Achraf Hakimi RB 42 7 (11) 2020-2021
57%
135 Alberto Gilardino ST 120 40 (15) 2005-2008
57%
218 Andrea Cambiaso LB 74 4 (8) 2023-2025
57%
337 André Onana GK 37 0 (0) 2022-2023
57%
350 Ángel Di María RW 36 8 (7) 2022-2023
57%
147 Ante Rebić LW 114 28 (16) 2019-2023
57%
244 Benjamin Pavard CB 63 1 (3) 2023-2025
57%
275 Christian Eriksen CM 53 6 (3) 2019-2021
57%
314 Diego AM 42 5 (15) 2009-2010
57%
136 Emerson DM 120 5 (4) 2004-2005, 2007-2009
57%
198 Fernando Llorente ST 85 26 (8) 2013-2016
57%
60 Francesco Toldo GK 198 0 (1) 2001-2009
57%
359 Francisco Conceição RW 35 4 (6) 2024-2025
57%
120 Fredy Guarín CM 130 19 (32) 2011-2016
57%
287 José Mari ST 49 9 (6) 2000-2002
57%
494 Luca Toni ST 14 2 (1) 2010-2011
57%
259 Marko Arnautovic ST 59 12 (5) 2009-2010, 2023-2025
57%
299 Mark van Bommel CM 45 0 (1) 2010-2012
57%
159 Martín Cáceres CB 106 4 (5) 2009-2010, 2011-2015, 2018-2019
57%
128 Matías Vecino CM 121 13 (7) 2017-2022
57%
183 Maxwell LB 92 2 (5) 2006-2009
57%
273 Medhi Benatia CB 54 3 (0) 2016-2019
57%
144 Obafemi Martins ST 117 39 (12) 2002-2006
57%
107 Pierre Kalulu CB 142 4 (3) 2020-2025
57%
118 Rade Krunic DM 130 3 (6) 2019-2024
57%
472 Sebastiano Rossi GK 16 0 (0) 2000-2002
57%
55 Serginho LB 218 19 (41) 2000-2008
57%
251 Sérgio Conceição RW 62 1 (10) 2001-2003
57%
203 Simone Pepe RW 83 12 (6) 2010-2015
57%
154 Simon Kjaer CB 111 1 (3) 2019-2024
57%
173 Vincenzo Iaquinta ST 97 36 (13) 2007-2011
57%
322 Adrian Mutu LW 41 8 (7) 2004-2006
53%
71 Álvaro Recoba CF 181 50 (46) 2000-2007
53%
142 Andrea Poli CM 117 3 (6) 2011-2012, 2013-2017
53%
508 Armand Traoré LB 12 0 (0) 2010-2011
53%
559 Bakaye Traoré CM 8 0 (0) 2012-2013
53%
647 Chaka Traorè LW 3 1 (0) 2023-2024
53%
370 Ciprian Tătărușanu GK 33 0 (1) 2020-2023
53%
33 Danilo D'Ambrosio CB 267 20 (19) 2013-2023
53%
234 Dejan Kulusevski AM 66 6 (7) 2020-2022
53%
436 Diego Forlán ST 20 2 (3) 2011-2012
53%
349 Diego López GK 36 0 (0) 2014-2016
53%
352 Divock Origi ST 35 2 (1) 2022-2023
53%
174 Federico Gatti CB 96 7 (2) 2022-2025
53%
165 Gary Medel CB 101 1 (4) 2014-2017
53%
211 Hernanes AM 80 9 (10) 2013-2017
53%
77 Julio Cruz ST 168 62 (20) 2003-2009
53%
348 Krzysztof Piatek ST 36 13 (1) 2018-2020
53%
692 Lisandro López CB 1 0 (0) 2017-2018
53%
308 Luka Jović ST 43 9 (2) 2023-2025
53%
169 Matteo Gabbia CB 99 6 (1) 2019-2025
53%
541 Maxi López ST 9 1 (2) 2011-2012
53%
319 Michele Di Gregorio GK 41 0 (0) 2024-2025
53%
141 Miranda CB 117 1 (2) 2015-2019
53%
399 Nemanja Vidic‎ CB 27 1 (0) 2014-2015
53%
202 Ricardo Rodríguez LB 84 3 (5) 2017-2020
53%
285 Robin Gosens LB 50 4 (1) 2021-2023
53%
510 Sergiño Dest RB 12 0 (0) 2022-2023
53%
206 Stefano Sturaro CM 81 3 (2) 2014-2018
53%
182 Stephan El Shaarawy LW 94 23 (12) 2011-2015
53%
380 Stevan Jovetić CF 31 6 (3) 2015-2017
53%
227 Timothy Weah RW 69 6 (5) 2023-2025
53%
194 Yann Sommer GK 88 0 (0) 2023-2025
53%
119 Alexis Saelemaekers RW 130 8 (13) 2019-2022, 2024-2025
50%
192 Amauri ST 89 20 (6) 2008-2011
50%
272 Ashley Young RB 54 5 (9) 2019-2021
50%
376 Dani Alves RB 31 5 (7) 2016-2017
50%
69 Daniele Bonera CB 187 0 (2) 2006-2015
50%
210 Davide Frattesi CM 80 14 (9) 2023-2025
50%
409 Douglas Luiz CM 25 0 (0) 2024-2025
50%
326 Edwin van der Sar GK 40 0 (0) 2000-2001
50%
87 Giacomo Bonaventura AM 163 30 (29) 2014-2020
50%
110 Giampaolo Pazzini ST 137 40 (8) 2010-2015
50%
170 Igor Tudor CB 98 17 (4) 2000-2005
50%
155 Jonathan Zebina CB 111 1 (3) 2004-2010
50%
123 Juan Jesus CB 126 1 (1) 2011-2016
50%
127 Marcelo Zalayeta ST 123 21 (13) 2001-2007
50%
353 Marco Amelia GK 35 0 (0) 2010-2014
50%
394 Marco Motta RB 28 0 (1) 2010-2011, 2013-2014
50%
335 Mario Lemina DM 37 3 (1) 2015-2017
50%
220 Massimo Oddo RB 73 2 (5) 2006-2007, 2009-2011
50%
429 Michael Essien DM 22 0 (0) 2013-2015
50%
296 Milos Krasic RW 46 9 (8) 2010-2012
50%
528 Pepe Reina GK 11 0 (0) 2018-2020
50%
546 Samuele Dalla Bona CM 9 0 (1) 2002-2003
50%
381 Strahinja Pavlović CB 31 2 (2) 2024-2025
50%
225 Thiago Motta DM 70 12 (7) 2009-2012
50%
222 Antonio Cassano CF 72 16 (30) 2010-2013
47%
224 Carlos Bacca ST 70 31 (6) 2015-2017
47%
270 Christian Poulsen DM 55 1 (3) 2008-2010
47%
367 David Beckham CM 33 2 (9) 2008-2010
47%
163 Davide Santon LB 102 0 (6) 2008-2010, 2014-2018
47%
88 Gianluca Pessotto LB 162 0 (4) 2000-2006
47%
233 Jeison Murillo CB 66 2 (2) 2015-2017
47%
238 João Mário LW 64 4 (11) 2016-2019
47%
245 Joel Obi CM 63 2 (1) 2010-2012, 2014-2015
47%
172 Jon Dahl Tomasson ST 97 26 (6) 2002-2005
47%
207 Malick Thiaw CB 81 1 (2) 2022-2025
47%
324 Mancini LW 40 1 (5) 2008-2011
47%
228 Mateo Musacchio CB 69 2 (2) 2017-2021
47%
145 Mathieu Flamini DM 116 7 (6) 2008-2013
47%
252 Matteo Politano RW 61 6 (6) 2018-2020
47%
309 Mauricio Isla RB 43 0 (5) 2012-2013, 2015-2016
47%
226 M'Baye Niang ST 69 8 (8) 2012-2017
47%
333 Mehdi Taremi ST 38 2 (7) 2024-2025
47%
191 Mohamed Sissoko DM 89 3 (5) 2007-2011
47%
112 Nicola Legrottaglie CB 136 9 (2) 2003-2004, 2006-2011
47%
149 Paolo Montero CB 114 4 (0) 2000-2005
47%
72 Roberto Gagliardini CM 179 16 (9) 2016-2023
47%
339 Tammy Abraham ST 37 5 (6) 2024-2025
47%
511 Aleksandar Kolarov LB 12 0 (1) 2020-2022
43%
80 Alessio Tacchinardi DM 165 8 (15) 2000-2005
43%
329 Alexander Manninger GK 39 0 (0) 2008-2011
43%
415 Álex Jiménez RB 25 0 (1) 2023-2025
43%
179 Antonio Conte CM 95 5 (6) 2000-2004
43%
637 Benedikt Höwedes CB 3 1 (0) 2017-2018
43%
171 Borja Valero CM 97 4 (0) 2017-2020
43%
635 Catilina Aubameyang LM 3 0 (0) 2001-2003
43%
334 Charles De Ketelaere AM 38 0 (1) 2022-2023
43%
103 Cristian Brocchi CM 145 5 (12) 2000-2004, 2006-2008
43%
538 Fernando Torres ST 10 1 (0) 2014-2015
43%
282 Geoffrey Kondogbia DM 50 2 (3) 2015-2017
43%
232 Hasan Salihamidzic RM 67 7 (5) 2007-2011
43%
307 Jérémy Ménez ST 43 18 (4) 2014-2016
43%
197 Joaquín Correa CF 85 12 (6) 2021-2022, 2024-2025
43%
325 Laurent Blanc CB 40 3 (0) 2000-2001
43%
166 Luca Antonini LB 101 1 (6) 2008-2013
43%
235 Lucas Biglia DM 65 2 (2) 2017-2020
43%
469 Luigi Sala CB 17 1 (0) 2000-2001
43%
418 Luis Jiménez AM 24 4 (4) 2007-2009
43%
404 Marcelo Salas ST 26 3 (2) 2001-2003
43%
266 Marco Storari GK 57 0 (0) 2006-2007, 2009-2014, 2017-2018
43%
503 Neto GK 12 0 (0) 2015-2017
43%
241 Nicolò Fagioli CM 64 3 (8) 2020-2021, 2022-2025
43%
373 Ricardo Quaresma RW 32 1 (2) 2008-2010
43%
357 Rivaldo AM 35 7 (3) 2002-2004
43%
248 Roberto Pereyra CM 62 4 (5) 2014-2016
43%
239 Ruben Loftus-Cheek CM 64 10 (2) 2023-2025
43%
478 Santiago Gimenez ST 16 6 (2) 2024-2025
43%
283 Stefano Sensi CM 50 3 (5) 2019-2021, 2023-2024
43%
178 Tijjani Reijnders CM 95 17 (9) 2023-2025
43%
176 Urby Emanuelson CM 95 4 (11) 2010-2014
43%
260 Yann Bisseck CB 59 5 (4) 2023-2025
43%
301 Youssouf Fofana DM 45 1 (8) 2024-2025
43%
167 Zdenek Grygera RB 101 3 (6) 2007-2011
43%
338 Zinédine Zidane AM 37 6 (14) 2000-2001
43%
315 Álvaro Pereira LB 42 1 (5) 2012-2014
40%
531 Antonio Mirante GK 10 0 (0) 2006-2007, 2022-2024
40%
129 Antonio Nocerino CM 121 13 (8) 2007-2008, 2011-2013, 2015-2016
40%
729 Axel Bakayoko RW 1 0 (0) 2016-2017
40%
599 Ciro Immobile ST 4 0 (0) 2008-2010
40%
221 Cristian Molinaro LB 72 0 (2) 2007-2010
40%
101 Dario Simic CB 145 2 (1) 2000-2008
40%
355 David Suazo ST 35 8 (2) 2007-2008, 2009-2010
40%
204 Éder ST 82 14 (7) 2015-2018
40%
304 Emanuele Giaccherini LM 44 4 (6) 2011-2013
40%
611 Ionuț Radu GK 4 0 (0) 2015-2016, 2020-2022
40%
625 Jan-Carlo Simić CB 4 1 (0) 2023-2024
40%
424 Jens Petter Hauge LW 23 5 (1) 2020-2021
40%
467 João Félix CF 17 2 (1) 2024-2025
40%
240 Juan Sebastián Verón CM 64 3 (10) 2004-2006
40%
250 Kily González LM 62 0 (7) 2003-2006
40%
395 Klaas-Jan Huntelaar ST 28 7 (0) 2009-2010
40%
268 Luca Antonelli LB 57 4 (3) 2006-2007, 2014-2018
40%
343 Lucas Paquetá AM 37 1 (2) 2018-2020
40%
214 Marco Borriello ST 76 20 (14) 2002-2003, 2006-2007, 2008-2012
40%
219 Marco Di Vaio ST 73 25 (12) 2002-2004
40%
463 Mariano González RW 17 0 (1) 2006-2007
40%
453 Marko Pjaca LW 18 1 (0) 2016-2017
40%
634 Matheus Pereira CM 3 0 (0) 2018-2019
40%
533 Nicklas Bendtner ST 10 0 (0) 2012-2013
40%
374 Nico González RW 32 4 (3) 2024-2025
40%
633 Nicolas Anelka ST 3 0 (0) 2012-2013
40%
276 Noah Okafor LW 52 7 (4) 2023-2025
40%
318 Philippe Coutinho AM 42 4 (3) 2010-2013
40%
327 Radja Nainggolan CM 40 7 (3) 2018-2019, 2020-2021
40%
708 Stefan Simic CB 1 0 (0) 2018-2019
40%
265 Tiemoué Bakayoko DM 57 1 (1) 2018-2019, 2021-2023
40%
484 Tomás Rincón DM 16 0 (1) 2016-2017
40%
474 Adel Taarabt CM 16 4 (2) 2013-2014
37%
93 Alessandro Birindelli RB 155 2 (7) 2000-2004, 2006-2008
37%
580 Carlo Pinsoglio GK 6 0 (0) 2017-2021, 2023-2024
37%
196 Carlos Augusto LB 86 3 (9) 2023-2025
37%
358 Daniel Osvaldo ST 35 9 (5) 2013-2015
37%
378 Diogo Dalot RB 31 2 (3) 2020-2021
37%
230 Fabio Miretti CM 68 1 (4) 2021-2024
37%
636 Felipe Caicedo ST 3 0 (0) 2021-2022
37%
471 Francesco Camarda ST 16 0 (0) 2023-2025
37%
213 Francesco Coco LB 76 4 (4) 2000-2005
37%
269 Jonathan RB 57 3 (8) 2011-2015
37%
262 Juraj Kucka CM 59 4 (5) 2015-2017
37%
464 Kingsley Coman LW 17 0 (2) 2014-2016
37%
200 Kristjan Asllani DM 84 3 (4) 2022-2025
37%
502 Kyle Walker RB 13 0 (0) 2024-2025
37%
365 Leandro Paredes DM 33 1 (1) 2022-2023
37%
445 Luca Pellegrini LB 19 0 (1) 2021-2022
37%
231 Marco Marchionni RM 68 3 (9) 2006-2009
37%
311 Mario Yepes CB 43 1 (0) 2010-2013
37%
150 Mark Iuliano CB 114 4 (3) 2000-2004
37%
153 Nicolás Burdisso CB 111 4 (3) 2004-2009
37%
366 Olof Mellberg CB 33 2 (0) 2008-2009
37%
574 Pietro Pellegri ST 6 0 (0) 2021-2022
37%
456 Randal Kolo Muani ST 18 8 (1) 2024-2025
37%
168 Samu Castillejo RW 100 9 (12) 2018-2022
37%
236 Samuel Chukwueze RW 65 6 (6) 2023-2025
37%
264 Stephen Appiah DM 58 3 (1) 2003-2005
37%
215 Yunus Musah CM 75 0 (4) 2023-2025
37%
217 Alessandro Florenzi RB 74 3 (7) 2021-2025
33%
297 Andrea Bertolacci CM 46 2 (2) 2015-2016, 2018-2019
33%
305 Andrea Conti RB 43 0 (4) 2017-2022
33%
300 Andy van der Meyde RW 45 3 (7) 2003-2005
33%
288 Angelo Ogbonna CB 48 0 (0) 2013-2015
33%
143 Ciro Ferrara CB 117 6 (2) 2000-2005
33%
667 Daniel Maa Boumsong DM 2 0 (1) 2005-2006
33%
389 Diego Laxalt LB 29 0 (0) 2018-2020
33%
420 Emerson Royal RB 24 0 (0) 2024-2025
33%
371 Éver Banega CM 32 6 (7) 2016-2017
33%
382 Fabrizio Miccoli ST 31 9 (9) 2003-2004
33%
470 Frederik Sørensen CB 17 0 (1) 2010-2011
33%
298 Gabriel Paletta CB 45 2 (2) 2014-2015, 2016-2018
33%
398 Gianluca Lapadula ST 27 8 (3) 2016-2017
33%
99 Giuseppe Favalli LB 149 2 (7) 2004-2010
33%
291 Giuseppe Pancaro RB 47 2 (7) 2003-2005
33%
369 Jean-Alain Boumsong CB 33 2 (0) 2006-2007
33%
310 Jonathan Biabiany RW 43 1 (6) 2010-2011, 2015-2017
33%
549 Kaio Jorge ST 9 0 (0) 2021-2022
33%
520 Leonardo Spinazzola LB 11 0 (1) 2018-2019
33%
492 Lloyd Kelly CB 14 0 (0) 2024-2025
33%
461 Lukas Podolski ST 17 1 (3) 2014-2015
33%
401 Merih Demiral CB 27 1 (2) 2019-2021
33%
341 Nikola Kalinić ST 37 6 (6) 2017-2018
33%
205 Ricardo Álvarez CM 82 13 (17) 2011-2014
33%
372 Ricardo Oliveira ST 32 3 (1) 2006-2007
33%
256 Roque Júnior CB 61 0 (1) 2000-2003
33%
499 Sebastiano Esposito CF 13 1 (0) 2018-2020
33%
760 Simone Esposito RW 1 0 (0) 2008-2009
33%
557 Taye Taiwo LB 8 0 (0) 2011-2012
33%
175 Thomas Helveg RB 96 1 (3) 2000-2004
33%
501 Tommaso Rocchi ST 13 3 (0) 2012-2013
33%
468 Victor Moses RW 17 0 (5) 2019-2020
33%
629 Wallace Oliveira RB 3 0 (0) 2013-2014
33%
320 Adil Rami CB 41 4 (2) 2013-2015
30%
246 Alberto Aquilani CM 63 3 (13) 2010-2012
30%
388 Alessio Cerci RW 29 1 (6) 2014-2016
30%
449 Antonio Chimenti GK 19 0 (0) 2002-2005, 2009-2010
30%
517 Davide Bartesaghi LB 12 0 (0) 2023-2025
30%
385 David Pizarro CM 30 2 (2) 2005-2006
30%
608 Eljero Elia LW 4 0 (0) 2011-2012
30%
572 Emil Audero GK 6 0 (0) 2016-2017, 2023-2024
30%
403 Fodé Ballo-Touré LB 26 1 (0) 2021-2023
30%
540 Gabriel Barbosa ST 9 1 (0) 2016-2017
30%
459 Gerard Deulofeu ST 17 4 (3) 2016-2017
30%
443 Gustavo Gómez CB 19 0 (0) 2016-2018
30%
336 Hugo Campagnaro CB 37 0 (2) 2013-2015
30%
550 Juan Cabal LB 9 0 (1) 2024-2025
30%
249 Junior Messias RW 62 12 (4) 2021-2023
30%
390 Keita Baldé LW 29 5 (2) 2018-2019
30%
267 Kévin Constant LB 57 0 (3) 2012-2014
30%
495 Marcelo Estigarribia CM 14 1 (1) 2011-2012
30%
417 Mario Pasalić CM 24 5 (1) 2016-2017
30%
498 Matías Fernández AM 13 1 (2) 2016-2017
30%
659 Mattia Caldara CB 2 0 (0) 2018-2019, 2023-2024
30%
491 Mattia Destro ST 15 3 (0) 2014-2015
30%
255 Mohamed Kallon ST 61 20 (8) 2001-2004
30%
500 Nicola Zalewski LM 13 1 (1) 2024-2025
30%
362 Nicolò Savona RB 35 2 (1) 2024-2025
30%
212 Patrick Cutrone ST 77 21 (8) 2016-2019
30%
490 Renato Veiga CB 15 0 (1) 2024-2025
30%
321 Samuel Iling-Junior LB, LW 41 2 (4) 2022-2024
30%
351 Sébastien Frey GK 36 0 (0) 2000-2001
30%
181 Simone Padoin CM 94 3 (4) 2011-2016
30%
581 Simone Pasa DM 6 0 (0) 2012-2013
30%
433 Simone Zaza ST 21 6 (1) 2015-2016
30%
375 Siniša Mihajlović CB 32 5 (9) 2004-2006
30%
289 Tiago Mendes CM 48 0 (5) 2007-2010
30%
529 Valentino Lazaro RM 10 0 (2) 2019-2020
30%
284 Zdravko Kuzmanovic CM 50 1 (4) 2012-2015
30%
292 Zeljko Kalac GK 47 0 (0) 2005-2009
30%
427 Zvonimir Boban AM 23 2 (2) 2000-2001
30%
664 Asmir Begovic GK 2 0 (0) 2019-2020
27%
346 Cristiano Biraghi LB 36 3 (6) 2010-2011, 2019-2020
27%
316 Daniele Adani CB 42 4 (0) 2002-2004
27%
462 Davy Klaassen CM 17 0 (0) 2023-2024
27%
274 Demetrio Albertini DM 53 2 (10) 2000-2002
27%
507 Denis Zakaria DM 12 1 (1) 2021-2023
27%
157 Emre Belözoğlu CM 108 4 (11) 2001-2005
27%
504 Ezequiel Schelotto RM 12 1 (0) 2012-2013
27%
243 Fabio Borini LW 64 7 (6) 2017-2020
27%
253 Federico Balzaretti LB 61 2 (8) 2005-2007
27%
570 Gabriel GK 7 0 (0) 2013-2014
27%
722 Grigoris Kastanos AM 1 0 (0) 2018-2019
27%
377 Hakan Şükür ST 31 6 (2) 2000-2001
27%
524 Hans Nicolussi Caviglia CM 11 0 (1) 2018-2019, 2023-2024
27%
553 Ishak Belfodil ST 8 0 (1) 2013-2014
27%
602 Iván Zamorano ST 4 1 (0) 2000-2001
27%
579 Jonas Rouhi LB 6 0 (0) 2024-2025
27%
770 Lapo Nava GK 1 0 (0) 2023-2024
27%
393 Luca Castellazzi GK 29 0 (0) 2010-2013
27%
601 Márcio Amoroso ST 4 1 (0) 2005-2006
27%
522 Marco Sportiello GK 11 0 (0) 2023-2025
27%
254 Martin Laursen CB 61 2 (0) 2001-2004
27%
440 Matías Soulé RW 20 1 (0) 2021-2023
27%
412 Nicola Ventola ST 25 9 (2) 2001-2002
27%
344 Oliver Bierhoff ST 37 8 (7) 2000-2001
27%
475 Pelé CM 16 0 (0) 2007-2008
27%
447 Philippe Senderos CB 19 0 (1) 2008-2009
27%
278 Santiago Solari LM 52 4 (2) 2005-2008
27%
407 Saphir Taïder CM 25 1 (2) 2013-2014
27%
683 Tomás Palacios CB 2 0 (0) 2024-2025
27%
444 Valter Birsa AM 19 2 (1) 2013-2014
27%
571 Vasilije Adžić AM 7 0 (0) 2024-2025
27%
286 Vratislav Gresko LB 50 1 (6) 2000-2002
27%
360 Walter Gargano DM 35 0 (2) 2012-2013
27%
457 Xherdan Shaqiri AM 18 2 (2) 2014-2015
27%
640 Albin Ekdal DM 3 0 (0) 2008-2009
23%
551 Alexander Merkel CM 9 0 (0) 2010-2012
23%
604 Bryan Cristante DM 4 1 (1) 2011-2012, 2013-2014
23%
537 Carlos Alcaraz CM 10 0 (1) 2023-2024
23%
554 Cédric Soares RB 8 0 (2) 2018-2019
23%
419 Dalbert LB 24 0 (1) 2017-2019
23%
573 Daniele Padelli GK 6 0 (0) 2019-2021
23%
416 Darko Kovacevic ST 25 6 (1) 2000-2001
23%
505 Djamel Mesbah LB 12 0 (0) 2011-2013
23%
406 Dodô LB 25 1 (3) 2014-2015
23%
558 Domenico Criscito LB 8 0 (0) 2007-2008
23%
441 Fabián O'Neill AM 19 0 (1) 2000-2002
23%
400 Federico Peluso LB 27 1 (3) 2012-2014
23%
430 Fernando Redondo DM 22 0 (3) 2002-2004
23%
439 Filippo Terracciano RB 20 0 (0) 2023-2025
23%
514 Gabriel Batistuta ST 12 2 (1) 2002-2003
23%
496 Gaby Mudingayi DM 13 0 (0) 2012-2014
23%
328 Giuliano Giannichedda DM 40 0 (1) 2005-2007
23%
590 Guglielmo Stendardo CB 5 0 (0) 2007-2008
23%
446 Juan Pablo Carrizo GK 19 0 (0) 2012-2017
23%
780 Lorenzo Torriani GK 1 0 (0) 2024-2025
23%
473 Luca Marrone CB 16 1 (1) 2009-2010, 2011-2013
23%
506 Lucas Ocampos LW 12 0 (2) 2016-2017
23%
564 Maniche CM 8 1 (0) 2007-2008
23%
379 Marco Andreolli CB 31 2 (0) 2004-2006, 2013-2014, 2016-2017
23%
460 Marco van Ginkel CM 17 1 (3) 2014-2015
23%
317 Matías Almeyda DM 42 1 (1) 2002-2004
23%
391 Mauro Zárate ST 29 3 (3) 2011-2012
23%
405 McDonald Mariga DM 26 0 (0) 2009-2010, 2012-2013
23%
488 Nicola Amoruso ST 15 1 (3) 2001-2002
23%
589 Paolo Orlandoni GK 5 0 (0) 2005-2006, 2007-2008, 2010-2011
23%
671 Radu Drăgușin CB 2 0 (0) 2020-2021
23%
279 Raffaele Palladino LW 51 10 (6) 2006-2008
23%
384 Rubén Olivera CM 30 4 (2) 2002-2003, 2004-2005, 2007-2008
23%
668 Rubinho GK 2 0 (0) 2012-2014
23%
386 Samuel Mbangula LW 30 4 (4) 2024-2025
23%
548 Sergio Almirón CM 9 0 (0) 2007-2008
23%
594 Sokratis Papastathopoulos CB 5 0 (0) 2010-2011
23%
247 Stéphane Dalmat CM 63 4 (6) 2000-2003
23%
482 Tajon Buchanan RM, RW 16 1 (0) 2023-2025
23%
756 Valerio Fiori GK 1 0 (0) 2002-2003
23%
544 Victor Obinna CF 9 1 (1) 2008-2009
23%
290 Yoann Gourcuff AM 47 3 (6) 2006-2008
23%
414 Adem Ljajic AM 25 3 (3) 2015-2016
20%
705 Alex Cordaz GK 1 0 (0) 2022-2023
20%
431 Alex Telles LB 21 0 (1) 2015-2016
20%
547 Aster Vranckx CM 9 0 (1) 2022-2023
20%
442 Benoît Cauet CM 19 0 (2) 2000-2002
20%
661 Corrado Colombo ST 2 1 (0) 2000-2001
20%
481 Cristian Zaccardo CB 16 1 (1) 2012-2015
20%
609 Dario Knezevic CB 4 0 (0) 2008-2009
20%
598 Enzo Barrenechea DM 5 0 (0) 2022-2023
20%
295 Enzo Maresca CM 46 5 (8) 2001-2002, 2003-2004
20%
674 Fabricio Coloccini CB 2 0 (0) 2004-2005
20%
396 Georgios Karagounis CM 28 0 (3) 2003-2005
20%
466 Gianluca Frabotta LB 17 0 (1) 2019-2021
20%
519 Grigoris Georgatos LB 12 1 (1) 2001-2002
20%
237 Javier Farinós DM 65 2 (4) 2000-2004
20%
448 Johann Vogel DM 19 0 (1) 2005-2006
20%
280 José Chamot CB 51 0 (0) 2000-2003
20%
489 Leonel Vangioni LB 15 0 (0) 2016-2017
20%
560 Lorenzo Colombo ST 8 0 (0) 2019-2021
20%
137 Luigi Di Biagio DM 119 14 (6) 2000-2003
20%
281 Manuele Blasi CM 51 0 (1) 2004-2006
20%
509 Marco Simone CF 12 0 (0) 2001-2002
20%
646 Martín Montoya RB 3 0 (0) 2015-2016
20%
451 Matías Silvestre CB 18 1 (0) 2012-2014
20%
387 Matteo Paro CM 30 1 (2) 2002-2003, 2006-2007
20%
302 Olivier Dacourt DM 44 0 (1) 2006-2009
20%
561 Pablo Armero LM 8 0 (1) 2014-2015
20%
458 Rafinha AM 17 2 (3) 2017-2018
20%
612 Rey Manaj ST 4 0 (0) 2015-2016
20%
543 Robbie Keane ST 9 1 (2) 2000-2001
20%
562 Rodney Strasser DM 8 1 (0) 2008-2012
20%
392 Rolando CB 29 4 (0) 2013-2014
20%
516 Sime Vrsaljko RB 12 0 (2) 2018-2019
20%
592 Simone Muratore CM 5 0 (0) 2019-2020
20%
476 Vikash Dhorasoo CM 16 0 (1) 2004-2005
20%
410 Vladimir Jugović CM 25 1 (2) 2000-2001
20%
342 Yacine Adli DM 37 1 (2) 2022-2024
20%
345 Zé Maria RB 37 1 (6) 2004-2006
20%
569 Alberto Paloschi ST 7 2 (0) 2007-2008
17%
408 Bojan Krkic CF 25 3 (2) 2012-2013
17%
364 Carlos Gamarra CB 34 0 (1) 2002-2005
17%
331 Cosmin Contra RB 39 4 (5) 2001-2002
17%
293 Cristian Zenoni RB 47 2 (6) 2001-2003
17%
654 Daniel Fonseca ST 2 0 (0) 2000-2001
17%
762 Dídac Vilà LB 1 0 (0) 2010-2011
17%
742 Digão CB 1 0 (0) 2007-2008
17%
411 Domenico Morfeo AM 25 2 (2) 2002-2003
17%
525 Emiliano Moretti CB 11 0 (0) 2002-2003
17%
565 Fabián Carini GK 7 0 (0) 2001-2002, 2004-2005
17%
383 Federico Giunti DM 31 1 (7) 2000-2001
17%
603 Felipe CB 4 0 (0) 2014-2015
17%
485 Gianni Comandini ST 15 2 (2) 2000-2001
17%
454 Houssine Kharja CM 18 1 (5) 2010-2011
17%
426 Javi Moreno ST 23 5 (2) 2001-2002
17%
623 Jorge Andrade CB 4 0 (1) 2007-2008
17%
486 José Mauri CM 15 0 (1) 2015-2016, 2017-2019
17%
452 José Sosa AM 18 0 (3) 2016-2017
17%
542 Léo Duarte CB 9 0 (0) 2019-2021
17%
397 Leonardo AM 27 4 (1) 2000-2001, 2002-2003
17%
624 Luka Romero RW 4 0 (0) 2023-2024
17%
638 Manolo Portanova CM 3 0 (0) 2018-2019, 2020-2021
17%
518 Marko Livaja ST 12 4 (0) 2012-2013
17%
620 Martín Satriano ST 4 0 (0) 2021-2022
17%
555 Michele Pazienza DM 8 0 (0) 2011-2012
17%
437 Nelson Rivas CB 20 0 (0) 2007-2009
17%
477 Olivier Kapo AM 16 0 (1) 2004-2005
17%
536 Rene Krhin DM 10 0 (0) 2009-2010, 2014-2015
17%
545 Salvatore Bocchetti CB 9 0 (0) 2014-2015
17%
434 Soualiho Meïté DM 20 0 (0) 2020-2021
17%
312 Tommaso Pobega CM 42 3 (0) 2022-2024
17%
583 Valentín Carboni AM 6 0 (0) 2022-2023
17%
455 Valeri Bozhinov ST 18 5 (0) 2006-2007
17%
515 Yann M'Vila DM 12 0 (0) 2014-2015
17%
480 Alberto Fontana GK 16 0 (0) 2001-2005
13%
261 Andrés Guglielminpietro LM 59 2 (5) 2000-2003
13%
645 Angelo Palombo DM 3 0 (0) 2011-2012
13%
761 Cristian Pasquato CF 1 0 (0) 2007-2008
13%
749 Davide Di Gennaro AM 1 0 (0) 2006-2007
13%
483 Davide Faraoni RB 16 1 (0) 2011-2012
13%
578 Davide Lanzafame ST 6 0 (0) 2006-2007, 2010-2011
13%
774 Dean Huijsen CB 1 0 (0) 2023-2024
13%
746 Félix Correia LW 1 0 (0) 2020-2021
13%
277 Giovanni Pasquale LM 52 0 (0) 2002-2005
13%
556 Ibrahima Mbaye RB 8 0 (0) 2012-2013, 2014-2015
13%
512 Jérémie Bréchet CB 12 0 (0) 2003-2004
13%
712 Leandro Rinaudo CB 1 0 (0) 2010-2011
13%
763 Leonardo Cerri ST 1 0 (0) 2023-2024
13%
648 Lorenzo Ariaudo CB 3 0 (0) 2008-2009
13%
669 Luca Zanimacchia RW 2 0 (0) 2019-2020
13%
597 Luciano RM 5 0 (0) 2003-2004
13%
675 Marco Donadel DM 2 0 (0) 2000-2002
13%
764 Marko Lazetić ST 1 0 (0) 2022-2023
13%
527 Matteo Brighi CM 11 0 (0) 2000-2001
13%
413 Matteo Ferrari CB 25 0 (0) 2000-2001
13%
361 Michele Paramatti LB 35 0 (2) 2000-2002
13%
642 Nicolò Rovella DM 3 0 (0) 2022-2023
13%
693 Oguchi Onyewu CB 1 0 (0) 2009-2010
13%
582 Pablo García DM 6 0 (0) 2000-2001
13%
435 Pierre Womé LB 20 0 (0) 2005-2006
13%
765 Raffaele Di Gennaro GK 1 0 (0) 2023-2024
13%
432 Raoul Bellanova RM 21 0 (1) 2022-2023
13%
425 Sabri Lamouchi CM 23 0 (1) 2003-2004
13%
513 Salvatore Fresi CB 12 1 (0) 2002-2003
13%
532 Ümit Davala RM 10 0 (0) 2001-2002
13%
465 Yann Karamoh LW 17 1 (0) 2017-2019
13%
593 Athirson LB 5 0 (0) 2000-2001
10%
421 Cristian Ansaldi LB 24 0 (2) 2016-2017
10%
730 Davide Merola RW 1 0 (0) 2018-2019
10%
681 Denis Alibec ST 2 0 (0) 2010-2011
10%
596 Emanuele Belardi GK 5 0 (0) 2007-2008
10%
660 Federico Mattiello RB 2 0 (0) 2014-2015
10%
567 Felice Piccolo CB 7 0 (0) 2006-2007
10%
662 Gaston Camara RW 2 0 (0) 2014-2015
10%
679 Joseph Nonge CM 2 0 (0) 2023-2024
10%
670 Koni De Winter CB 2 0 (0) 2021-2022
10%
639 Leandro Grimi LB 3 0 (0) 2006-2007
10%
739 Lino Marzorati CB 1 0 (0) 2004-2005
10%
584 Luc Castaignos ST 6 1 (0) 2011-2012
10%
617 Lucien Agoumé DM 4 0 (0) 2019-2020, 2023-2024
10%
530 Marco Benassi CM 10 1 (0) 2012-2013
10%
523 Marco Ferrante ST 11 1 (0) 2000-2001
10%
568 Marco Zanchi CB 7 0 (0) 2000-2001
10%
422 Massimo Donati DM 24 0 (0) 2001-2002
10%
766 Mathías Cardacio CM 1 0 (0) 2008-2009
10%
783 Mattia Liberali AM 1 0 (0) 2024-2025
10%
663 Mattia Vitale CM 2 0 (0) 2014-2015
10%
701 Michele Piccolo ST 1 0 (1) 2002-2003
10%
450 Michele Serena LB 19 0 (1) 2000-2002
10%
428 Nelson Vivas RB 22 0 (0) 2001-2003
10%
696 Nnamdi Oduamadi LW 1 0 (0) 2010-2011
10%
330 Okan Buruk RM 39 2 (4) 2001-2004
10%
616 Raffaele Bianco DM 4 1 (0) 2006-2007
10%
563 Riccardo Saponara AM 8 0 (0) 2013-2015
10%
575 Riccardo Sottil LW 6 0 (0) 2024-2025
10%
628 Rodrigo Ely CB 3 0 (0) 2015-2016
10%
723 Rolando Mandragora DM 1 0 (0) 2016-2017
10%
585 Rômulo CM 5 0 (0) 2014-2015
10%
691 Samuele Longo ST 1 0 (0) 2011-2012
10%
591 Senna Miangue CB 5 0 (0) 2016-2017
10%
706 Stefano Beltrame AM 1 0 (0) 2012-2013
10%
726 Stephy Mavididi LW 1 0 (0) 2018-2019
10%
740 Tiago Djaló CB 1 0 (0) 2023-2024
10%
698 Trent Sainsbury CB 1 0 (0) 2016-2017
10%
607 Vampeta CM 4 0 (0) 2000-2001
10%
621 Warren Bondo CM 4 0 (0) 2024-2025
10%
632 Alen Halilovic AM 3 0 (0) 2018-2019
7%
727 Andrea Masiello CB 1 0 (0) 2004-2005
7%
605 Andrea Petagna ST 4 0 (0) 2012-2014
7%
497 Andrea Pinamonti ST 13 1 (0) 2016-2017, 2020-2021
7%
652 Andrea Romanò CM 2 0 (0) 2012-2013
7%
487 Assane Demoya Gnoukouri CM 15 0 (0) 2014-2017
7%
732 Daouda Peeters DM 1 0 (0) 2019-2020
7%
595 Dario Venitucci AM 5 0 (0) 2006-2007
7%
653 Dino Marino CM 2 0 (0) 2004-2005
7%
535 Fabio Macellari LB 10 0 (0) 2000-2001
7%
733 Fabrizio Caligara CM 1 0 (0) 2017-2018
7%
651 Filippo Boniperti RW 2 0 (0) 2010-2011
7%
641 Francesco Bolzoni DM 3 0 (0) 2007-2009
7%
588 George Pușcaș ST 5 0 (0) 2014-2015
7%
776 Giacomo Beretta ST 1 0 (0) 2010-2011
7%
778 Giacomo De Pieri RW 1 0 (0) 2024-2025
7%
666 Giacomo Vrioni ST 2 0 (0) 2019-2021
7%
521 Gonzalo Sorondo CB 11 0 (0) 2001-2002
7%
743 Ibrahim Maaroufi DM 1 0 (0) 2006-2007
7%
534 Jonathan Bachini LM 10 0 (1) 2000-2001
7%
626 Kevin Zeroli CM 4 0 (0) 2023-2025
7%
781 Lampros Choutos ST 1 0 (0) 2006-2007
7%
759 Luca Stanga CB 1 0 (0) 2021-2022
7%
785 Luka Topalović CM 1 0 (0) 2024-2025
7%
600 Manuel Giandonato DM 4 0 (0) 2009-2011
7%
577 Marco Ballotta GK 6 0 (0) 2000-2001
7%
745 Marco Brescianini CM 1 0 (0) 2019-2020
7%
769 Marco Pellegrino CB 1 0 (0) 2023-2024
7%
622 Marley Aké LW 4 0 (0) 2021-2022
7%
758 Martin Palumbo DM 1 0 (0) 2021-2022
7%
710 Mattia Cassani RB 1 0 (0) 2002-2003
7%
689 Michelangelo Rampulla GK 1 0 (0) 2000-2001
7%
614 Michele Paolucci ST 4 0 (0) 2009-2010
7%
631 Mohamed Sarr CB 3 1 (0) 2001-2002
7%
649 Niccolò Giannetti ST 3 1 (0) 2010-2011
7%
656 Nicola Napolitano CM 2 0 (0) 2002-2003
7%
539 Rubén Botta AM 10 0 (0) 2013-2014
7%
678 Vid Belec GK 2 0 (0) 2012-2013
7%
665 Viktor Budyanskiy CM 2 0 (0) 2003-2004
7%
676 Vitaliy Kutuzov ST 2 0 (0) 2001-2002
7%
650 Alberto Libertazzi ST 2 0 (0) 2010-2011
3%
690 Alen Stevanovic LW 1 0 (0) 2009-2010
3%
615 Alessandro Di Pardo RB 4 0 (0) 2020-2021
3%
757 Alessandro Frara DM 1 0 (0) 2001-2002
3%
630 Alfred Duncan CM 3 0 (0) 2012-2013
3%
725 Andrea Favilli ST 1 0 (0) 2015-2016
3%
767 Ayub Daud CF 1 0 (0) 2008-2009
3%
775 Bob Murphy Omoregbe RW 1 0 (0) 2024-2025
3%
423 Bruno Cirillo CB 24 0 (0) 2000-2001
3%
754 Cosimo da Graça ST 1 0 (0) 2021-2022
3%
526 Davide Baiocco DM 11 0 (1) 2002-2003
3%
657 Davide Chiumiento AM 2 0 (0) 2003-2004
3%
714 Davide Di Molfetta AM 1 0 (0) 2014-2015
3%
686 Diego Pugno ST 1 0 (0) 2024-2025
3%
782 Ebenezer Akinsanmiro CM 1 0 (0) 2023-2024
3%
566 Federico Bonazzoli ST 7 0 (0) 2013-2015
3%
627 Felice Natalino CB 3 0 (0) 2010-2011
3%
720 Gian Filippo Felicioli LB 1 0 (0) 2014-2015
3%
684 Gianmarco Zigoni ST 1 0 (0) 2009-2010
3%
606 Isaac Donkor CB 4 0 (0) 2012-2013, 2014-2015
3%
777 Lorenzo Anghelè CF 1 0 (0) 2024-2025
3%
748 Lorenzo Pirola CB 1 0 (0) 2019-2020
3%
772 Luca Caldirola CB 1 0 (0) 2011-2012
3%
644 Luca Castiglia CM 3 0 (0) 2007-2009
3%
694 Lukas Spendlhofer CB 1 0 (0) 2012-2013
3%
680 Marcel Büchel DM 2 0 (0) 2010-2011
3%
613 Marco Olivieri ST 4 0 (0) 2019-2020
3%
697 Matteo Liviero LM 1 0 (0) 2010-2011
3%
643 Mattia Zanotti RB 3 0 (0) 2021-2023
3%
728 Niccolò Zanellato CM 1 0 (0) 2017-2018
3%
619 Nicola Beati DM 4 0 (1) 2000-2001, 2002-2003
3%
752 Nikola Sekulov AM 1 0 (0) 2023-2024
3%
586 Nwankwo Obiora DM 5 0 (1) 2010-2011
3%
747 Paolo Gozzi CB 1 0 (0) 2018-2019
3%
719 Riccardo Meggiorini ST 1 0 (0) 2004-2005
3%
703 Simone Ganz ST 1 0 (0) 2011-2012
3%
768 Tabaré Viúdez RW 1 0 (0) 2008-2009
3%
779 Thomas Berenbruch CM 1 0 (0) 2024-2025
3%
658 Tomás Guzmán AM 2 0 (0) 2001-2002, 2006-2007
3%
618 Tommaso Barbieri RB 4 0 (0) 2022-2023
3%
735 Vincent Péricard ST 1 0 (0) 2001-2002
3%
717 Alessandro Mastalli CM 1 0 (0) 2014-2015
0%
755 Alex Guerci CM 1 0 (0) 2006-2007
0%
709 Andrea Bandini RB 1 0 (0) 2012-2013
0%
695 Andrea De Vito CB 1 0 (0) 2009-2010
0%
715 Andrea Palazzi DM 1 0 (0) 2014-2015
0%
655 Antonio Pacheco CF 2 0 (0) 2000-2001
0%
702 Daniele Daino RB 1 0 (0) 2000-2001
0%
711 Diego De Ascentis DM 1 0 (0) 2000-2001
0%
738 Domenico Germinale ST 1 0 (0) 2005-2006
0%
673 Drazen Brncic CM 2 0 (0) 2000-2001
0%
724 Emanuele Torrasi CM 1 0 (0) 2017-2018
0%
716 Enrico Baldini LW 1 0 (0) 2014-2015
0%
721 Fabio Della Giovanna CB 1 0 (0) 2015-2016
0%
750 Felipe Mattioni RB 1 0 (0) 2008-2009
0%
704 Francesco Forte ST 1 0 (0) 2012-2013
0%
771 Gabriele Puccio CM 1 0 (0) 2007-2008
0%
736 Goran Slavkovski ST 1 0 (0) 2005-2006
0%
737 Ilario Aloe RW 1 0 (0) 2005-2006
0%
688 Lorenzo Crisetig DM 1 0 (0) 2011-2012
0%
713 Luca Franchini LB 1 0 (0) 2002-2003
0%
587 Luca Garritano AM 5 0 (0) 2012-2013
0%
672 Luca Saudati ST 2 0 (0) 2000-2001
0%
784 Matteo Cocchi LB 1 0 (0) 2024-2025
0%
731 Matteo Momentè ST 1 0 (0) 2005-2006
0%
699 Mattia Dal Bello MF 1 0 (0) 2002-2003
0%
707 Mirko Stefani CB 1 0 (0) 2002-2003
0%
718 Paolo Dellafiore CB 1 0 (0) 2004-2005
0%
685 Raffaele Trezzi AM 1 0 (0) 2000-2001
0%
734 Riccardo Forte CF 1 0 (0) 2017-2018
0%
687 Roberto Bortolotto ST 1 0 (0) 2002-2003
0%
741 Romano Perticone CB 1 0 (0) 2004-2005
0%
682 Salvatore Ferraro CB 2 0 (0) 2001-2002
0%
753 Sixto Peralta CM 1 0 (0) 2000-2001
0%
700 Stefano Pastrello RM 1 0 (0) 2002-2003
0%
744 Tijani Belaid AM 1 0 (0) 2004-2005
0%
677 Vincenzo Camilleri CB 2 0 (0) 2010-2011
0%
No matching quizzes found
Score Distribution
Percent of People with Each Score
Percentile by Number Answered
Your Score History
You have not taken this quiz